00778naa#a2200145#i#4500001002200000005001700022100004100039102000700080200026300087210016900350215001000519608006000529700002800589856001500617RU\INFRA-M\bibl\1465720260502080600.6##a20250114b2025####ek#y0rusy0150####ca##aRU1#aВНЕДРЕНИЕ АВТОМАТИЗИРОВАННОЙ СИСТЕМЫ ВИРТУАЛЬНОЙ РЕАЛЬНОСТИ ДЛЯ ОПТИМИЗАЦИИ ПРОЦЕССОВ КОММУНИКАЦИИ В КОМПАНИИeСтатья/тезисы конференции1#aМоскваcОбщество с ограниченной ответственностью «Научно-издательский центр ИНФРА-М»d2025##a4 с.##aСтатья/тезисы конференции2local#1aКобзарьgО. Е.4#anaukaru.ru